000 00380 a2200157 4500
001 71421
020 _a8508028644
040 _cAnchieta - Colégio São Paulo
240 1 0 _aContos de artimanhas e travessuras
_lpor
245 1 0 _aContos de artimanhas e travessuras
300 _a103
362 0 _a1998
440 1 _aÁtica
650 4 _aLiteratura infanto-juvenil
942 _cBK
999 _c71421
_d71421